Pellettieri Jill (Record no. 4881)
[ view plain ]
| 000 -LEADER | |
|---|---|
| fixed length control field | 00489nam a2200145Ia 4500 |
| 008 - FIXED-LENGTH DATA ELEMENTS--GENERAL INFORMATION | |
| fixed length control field | 151015s9999 xx 000 0 und d |
| 020 ## - INTERNATIONAL STANDARD BOOK NUMBER | |
| International Standard Book Number | 1424053404 |
| 050 ## - LIBRARY OF CONGRESS CALL NUMBER | |
| Classification number | PC 2118 .W42 2009 |
| 245 ## - TITLE STATEMENT | |
| Title | Pellettieri Jill |
| 250 ## - EDITION STATEMENT | |
| Edition statement | _Plaza Workbook with Answer Key Clemson University Introduction to Spanish (3rd ed.) / Jill Pellettieri |
| 300 ## - PHYSICAL DESCRIPTION | |
| Extent | Mexico : Cengage Learning , 2009 |
| 500 ## - GENERAL NOTE | |
| General note | Includes index |
| 650 ## - SUBJECT ADDED ENTRY--TOPICAL TERM | |
| Topical term or geographic name as entry element | _Introduction to Spanish |
| 700 ## - ADDED ENTRY--PERSONAL NAME | |
| Personal name | ^d20130528 12:23:00^oanne |
No items available.